000
00271nam a22001217a 4500
008
171104b xxu||||| |||| 00| 0 eng d
041
_a
eng
080
_a
339.138
100
_a
61
101
_a
MKT
245
_a
THE NEW PRODUCTS HANDBOOK
_c
WIZENBERG, L
942
_2
udc
_c
BK
999
_c
37608
_d
37608